000
00267nam a22001331a 4500
999
_c
162598
_d
162598
082
_a
M2
_b
245
_a
Pancharathram/
260
_a
_b
_c
300
_a
650
_a
Drama Malayalam
650
_a
Literature
650
_a
Literature Malayalam
942
_c
BK